100 nomes com 4 letras - Statistics

Estatísticas Gerais
  • Esse quiz foi jogado 249 vezes
    146 desde o último reset
  • A pontuação média é 29 de 100
Estatísticas das Respostas
Resposta % Correto
João
81%
José
66%
Mara
65%
Anna
64%
Luìs
63%
Caio
62%
Lara
58%
Sara
58%
Davi
55%
Luca
53%
Luna
49%
Luan
48%
Gael
47%
Rosa
45%
Vera
45%
Hugo
44%
Iara
44%
Igor
44%
Rita
44%
Enzo
43%
Théo
43%
Yuri
39%
Dora
38%
Ivan
38%
Lana
38%
Rute
38%
Raul
37%
Jair
36%
Ravi
36%
Dina
35%
Iris
35%
Taís
35%
Luma
34%
Nara
34%
Cauã
33%
Elis
33%
Isis
33%
Nina
33%
Olga
33%
Jane
31%
Rose
31%
Eric
30%
Lais
30%
Mila
30%
Saul
30%
Alan
29%
Jade
29%
Noah
29%
Abel
28%
Alex
28%
Elen
28%
Levi
28%
Cauê
27%
Otto
27%
Joel
26%
Leon
26%
Ciro
25%
Eloa
25%
Leia
25%
Maya
25%
Lino
24%
Liza
24%
Eder
21%
Edna
21%
Mary
21%
Elza
20%
Adão
19%
Ayla
19%
Cora
19%
Inês
19%
Leda
19%
Diva
18%
Ryan
18%
Isac
17%
Malu
17%
Flor
16%
Iran
16%
Elma
13%
Fred
13%
Tony
13%
Elba
12%
Geni
12%
Ione
12%
Juca
12%
Cloe
11%
Lair
11%
Edir
10%
Clea
8%
Ênio
8%
Eros
8%
Hebe
8%
Roni
8%
Sula
8%
Nala
7%
Ioná
6%
Natā
6%
Vani
6%
Eron
4%
Yeda
4%
Asaf
3%
Nenhum quiz correspondente encontrado
Distribuição das Pontuações
Porcentagem de Pessoas com Cada Pontuação
Percentil de Números Respondidos
Sua Pontuação Histórica
Você não jogou esse quiz desde o último reset